Max Beckmann, 1884-1950: the path of Myth

Saved in:
Bibliographic Details
Main Author: Spieler, Reinhard (Author)
Format: Book
Language:English
Published: Colonia Taschen 2011
Subjects:
Tags: Add Tag
No Tags, Be the first to tag this record!

MARC

LEADER 00000cam a2200000 a 4500
001 UCF6527
003 CL-VaPUC
008 130503e20110000GW |||||||||||||||||eng|d
020 |a 978836532532 
082 0 4 |a 750  |b SPI  |2 21 
100 0 |a Spieler, Reinhard  |e author  |9 568525 
245 1 0 |a Max Beckmann, 1884-1950: the path of Myth 
300 |a 200 p 
942 |c BK 
945 |d 20130503 00:00:00  |a dcastane 
260 |a Colonia  |b Taschen  |c 2011 
650 7 |a PINTURA ALEMANA  |2 CL-VaPUC  |9 319202 
650 7 |a PINTORES ALEMANES  |2 CL-VaPUC  |9 341248 
650 7 |a IMPRESIONISMO  |2 CL-VaPUC  |9 324638 
583 |a last modification  |c 20130503 10:06:00  |k Rodrigo Vera 
999 |c 351696  |d 351694 
952 |0 0  |1 0  |4 0  |6 750_000000000000000_SPI_2011  |7 0  |8 A  |9 455975  |a BIBARQ  |b BIBARQ  |d 2019-11-22  |i 4968832  |o 750 SPI 2011  |p 4968832  |r 2025-01-20  |w 2019-11-22  |y BK  |k ARQ